Concepts of ecology / (Record no. 41585)

MARC details
000 -LEADER
fixed length control field 00638nam a22001937a 4500
005 - DATE AND TIME OF LATEST TRANSACTION
control field 2010081304414.0
010 ## - LCCN (DPL NO)
LC control number ENG-100275
020 ## - INTERNATIONAL STANDARD BOOK NUMBER
Terms of availability 80.00
035 ## - SYSTEM CONTROL NUMBER
System control number EN-83807
037 ## - SOURCE OF ACQUISITION
Source of stock number/acquisition DBAD/PUB
082 ## - DEWEY DECIMAL CLASSIFICATION NUMBER
Classification number 574.5
100 ## - MAIN ENTRY--PERSONAL NAME
Personal name Arumugam, V
245 ## - TITLE STATEMENT
Title Concepts of ecology /
Statement of responsibility, etc by V Arumugam
260 ## - PUBLICATION, DISTRIBUTION, ETC. (IMPRINT)
Place of publication, distribution, etc Tamil Nadu
Name of publisher, distributor, etc Mercury Publishers
Date of publication, distribution, etc 2008
270 ## - ADDRESS
Address Ganesh Complex Peramballor
City Tamilnadu
Postal code 621212
300 ## - PHYSICAL DESCRIPTION
Extent 106p
Dimensions 20cm(pbk)
942 ## - ADDED ENTRY ELEMENTS (KOHA)
Source of classification or shelving scheme Dewey Decimal Classification
Item type English Books
Classification part 574.5
Call number suffix ARU
Holdings
Withdrawn status Lost status Not for loan Collection code Home library Current library Date acquired Source of acquisition Cost, normal purchase price Full call number Barcode Copy number Cost, replacement price Koha item type
    Not For Loan Non-fiction D.B.Act.Division D.B.Act.Division 13/08/2010 DBAD/PUB 80.00 574.5 ARU EN-83807 1 80.00 English Books

© Delhi Public Library
Hit Counter
free hit counter